000
00211 a2200097 4500
001
47688
100
_a
Haskell A
245
_a
Ballet since 1939
260
_a
London
_b
British council
_c
090
_c
30694
_d
30694
942
_a
NUST-CAE
_c
M
_c
22996
999
_c
282761
_d
282761